Les clubs français vainqueurs de la Coupe Intertoto - Statistiques

Statistiques générales
  • Ce quiz a été pris 53 fois
  • Le résultat moyen est 5 sur 13
Answers on the Grid
Answers color-coded by a green-red scale on the quiz's grid according to % correct below.
AJ Auxerre
SM Caen
Sedan-Ardennes
EA Guingamp
Stade de Reims
ES Troyes AC
Girondins de Bordeaux
OGC Nice
LOSC Lille
AS Nancy Lorraine
MHSC
OL
Nîmes Olympique
OM
PSG
ASSE
RC Lens
Le Havre AC
RC Strasbourg
AC Ajaccio
SC Bastia
AS Monaco
FC Metz
 
Statistiques - réponses
Réponse % Correct
AJ Auxerre
60%
OM
53%
PSG
49%
OL
42%
RC Lens
37%
ES Troyes AC
35%
SC Bastia
35%
Girondins de Bordeaux
33%
LOSC Lille
33%
EA Guingamp
28%
RC Strasbourg
23%
MHSC
21%
Le Havre AC
2%
Aucun quiz correspondant
Distribution des résultats
% des personnes avec chaque résultat
Percentile par nombre de réponses
Votre historique - résultats
Vous n’avez pas pris ce quiz